00621cam a22002291 4500001001300000003000400013005001700017008004100034010001700075035001900092040002600111042001200137050001800149082001000167100003600177245002900213260002300242300002600265440004100291600004200332999001700374med48000481 DLC20260227111609.0750813s1947 xx 000 0 eng  amed48000481  a(OCoLC)1543521 aDLCcFMUdOClW-HdDLC apremarc00aR154.P367bM3 a926.11 aMcClintock, John Thomas,d1873-00aWashington Freeman Peck. aIowa Cityc[c1947] a 42 p.bport.c24 cm. 0a[Iowa University] Centennial memoirs10aPeck, Washington Freeman,d1841-1891. c38891d38891